Régimen impositivo de las cooperativas (Registro nro. 27538)
[ vista simple ]
| 000 -LEADER | |
|---|---|
| fixed length control field | 00332 a2200109 4500 |
| 001 - CONTROL NUMBER | |
| control field | ART_18353 |
| 005 - DATE AND TIME OF LATEST TRANSACTION | |
| control field | 20260410161919.0 |
| 008 - FIXED-LENGTH DATA ELEMENTS--GENERAL INFORMATION | |
| fixed length control field | 260409a |
| 100 1# - MAIN ENTRY--PERSONAL NAME | |
| Personal name | Vacarezza, Juan Carlos |
| 245 10 - TITLE STATEMENT | |
| Title | Régimen impositivo de las cooperativas |
| 773 0# - HOST ITEM ENTRY | |
| Title | La información |
| Related parts | - Tomo XXXIII, Nº 558 (jun. 1976) |
| Record control number | REV14902 |
No hay ítems disponibles.